[Event "Online Olym KO Stage 2020"]
[Site "chess.com INT"]
[Date "2020.08.27"]
[Round "1.41"]
[Board "3"]
[White "Stefanova, Antoaneta"]
[Black "Socko, Monika"]
[Result "1-0"]
[WhiteTitle "GM"]
[BlackTitle "GM"]
[WhiteElo "2462"]
[BlackElo "2428"]
[WhiteTeam "Bulgaria"]
[BlackTeam "Poland"]
[WhiteFideId "2902257"]
[BlackFideId "1106619"]
[EventDate "2020.08.27"]
[EventType "team"]

1. d4 Nf6 2. Nf3 g6 3. c4 Bg7 4. g3 O-O 5. Bg2 d6 6. O-O c6 7. Nc3 Bf5 8. Nh4
Be6 9. d5 cxd5 10. cxd5 Bd7 11. Be3 a5 12. Bd4 Na6 13. e4 Rc8 14. f4 Rc4 15. e5
Ng4 16. Nf3 Qc7 17. Re1 Nh6 18. Rc1 Nf5 19. Bf2 Rc8 20. Bf1 Rc5 21. g4 Nh6 22.
h3 b5 23. Bxc5 Nxc5 24. Ne4 Qb6 25. Nxc5 dxc5 26. Qd2 f5 27. g5 Ng4 28. hxg4
fxg4 29. Nh4 Rf8 30. Qe3 Qb8 31. Rxc5 g3 32. Ng2 h5 33. gxh6 Bxh6 34. Qxg3 Qb6
35. Rc1 Bf5 36. Qf2 Be4 37. Rxb5 Qd8 38. Rc6 Kh7 39. Qg3 Qd7 40. Bd3 Qf5 41. Nh4
Qh5 42. Nxg6 Qh1+ 43. Kf2 Rg8 44. Bxe4 Qxe4 45. Rb7 Qd4+ 46. Qe3 Qxd5 47. Rxe7+
Rg7 48. Rxg7+ Kxg7 49. Qa7+ 1-0

[Event "Online Olym KO Stage 2020"]
[Site "chess.com INT"]
[Date "2020.08.27"]
[Round "1.41"]
[Board "4"]
[White "Cyfka, Karina"]
[Black "Salimova, Nurgyul"]
[Result "0-1"]
[WhiteTitle "IM"]
[BlackTitle "IM"]
[WhiteElo "2411"]
[BlackElo "2372"]
[WhiteTeam "Poland"]
[BlackTeam "Bulgaria"]
[WhiteFideId "1122681"]
[BlackFideId "2915138"]
[EventDate "2020.08.27"]
[EventType "team"]

1. d4 Nf6 2. c4 g6 3. Nc3 d5 4. Qb3 dxc4 5. Qxc4 Be6 6. Qb5+ Bd7 7. Qd3 c5 8.
dxc5 Na6 9. e4 Nxc5 10. Qe2 Bc6 11. f3 Bg7 12. Be3 Qa5 13. Qc2 Rc8 14. Ne2 O-O
15. Nd4 Ba4 16. Qd2 Rfd8 17. e5 Nd5 18. f4 Nxe3 19. Qxe3 Qb4 20. Nb5 Bxb5 21.
Bxb5 Qxb2 22. O-O Nd3 23. Bxd3 Rxc3 24. Rad1 Qa3 25. Rf3 e6 26. Qe2 Qc5+ 27. Kh1
b6 28. Rff1 Qc7 29. Be4 Rxd1 30. Rxd1 Rc1 31. g3 Bf8 32. Kg2 Rxd1 33. Qxd1 b5
34. Qc2 Qd8 35. Bf3 b4 36. Qd1 Qc7 37. Be4 a5 38. Qc2 Qd8 39. Qd3 Qb6 40. Qc2
Qd4 41. Qd3 Qb2+ 42. Qc2 Qa1 43. h4 Kg7 44. h5 Qd4 45. hxg6 hxg6 46. Qd3 Qc5 47.
Qc2 Qe3 48. Qd3 Qe1 49. Qc2 Bc5 50. Bf3 Qg1+ 51. Kh3 Qe3 52. Kg2 Bd4 53. Qe2
Qg1+ 54. Kh3 a4 55. Qd1 Qf2 56. Qe2 Qg1 57. Qd1 Qe3 58. Qe2 b3 59. Qxe3 Bxe3 60.
axb3 a3 0-1

[Event "Online Olym KO Stage 2020"]
[Site "chess.com INT"]
[Date "2020.08.27"]
[Round "1.41"]
[Board "5"]
[White "Petrov, Martin"]
[Black "Gumularz, Szymon"]
[Result "0-1"]
[WhiteTitle "IM"]
[BlackTitle "IM"]
[WhiteElo "2525"]
[BlackElo "2506"]
[WhiteTeam "Bulgaria"]
[BlackTeam "Poland"]
[WhiteFideId "2911086"]
[BlackFideId "1188062"]
[EventDate "2020.08.27"]
[EventType "team"]

1. e4 e5 2. Nf3 Nc6 3. Bc4 Bc5 4. O-O Nf6 5. d3 d6 6. c3 a6 7. Re1 Ba7 8. a4 O-O
9. h3 Kh8 10. Nbd2 Ng8 11. Nf1 f5 12. exf5 Bxf5 13. Ng3 Bg6 14. Bg5 Qd7 15. d4
h6 16. Be3 exd4 17. cxd4 d5 18. Nh4 Bh7 19. Bd3 Bxd3 20. Qxd3 Nge7 21. Re2 Rf7
22. Rae1 Raf8 23. Nh5 Kg8 24. Kh2 Nf5 25. Nf3 Nxe3 26. fxe3 Rxf3 27. gxf3 Rxf3
28. Nf4 Nxd4 29. Rg2 Rxh3+ 30. Nxh3 Nf3+ 31. Kg3 Nxe1 32. Qg6 Nxg2 33. Kxg2 Bxe3
34. Qh5 d4 35. Kf3 Qf7+ 0-1

[Event "Online Olym KO Stage 2020"]
[Site "chess.com INT"]
[Date "2020.08.27"]
[Round "1.41"]
[Board "6"]
[White "Sliwicka, Alicja"]
[Black "Radeva, Viktoria"]
[Result "1/2-1/2"]
[WhiteTitle "WIM"]
[BlackTitle "WIM"]
[WhiteElo "2317"]
[BlackElo "2302"]
[WhiteTeam "Poland"]
[BlackTeam "Bulgaria"]
[WhiteFideId "1150677"]
[BlackFideId "2915405"]
[EventDate "2020.08.27"]
[EventType "team"]

1. e4 c6 2. d4 d5 3. e5 c5 4. dxc5 e6 5. Bb5+ Bd7 6. Bxd7+ Nxd7 7. Nf3 Bxc5 8.
O-O Ne7 9. Nc3 Ng6 10. Qe2 O-O 11. Bg5 Be7 12. Bd2 a6 13. g3 Qc7 14. Rae1 Rfc8
15. h4 Qc4 16. h5 Qxe2 17. Rxe2 Ngf8 18. Be3 b5 19. Rd1 Bc5 20. Bc1 Nb6 21. h6
g6 22. Nh2 Nfd7 23. Kg2 Rc7 24. Nf3 Rac8 25. Ne1 Nc4 26. f4 Bf8 27. a4 b4 28.
Nb1 Bxh6 29. b3 Na5 30. Bb2 Nb7 31. Kf3 Bg7 32. g4 Nbc5 33. Nd2 a5 34. Rg2 g5
35. Bd4 gxf4 36. Kxf4 f6 37. exf6 Nxf6 38. Nef3 Nfe4 39. Bxg7 Kxg7 40. Ne5 Nxd2
41. Rdxd2 Ne4 42. Rde2 Rf8+ 43. Ke3 Rc3+ 44. Kd4 Ng5 45. Nd3 Nf3+ 46. Ke3 e5 47.
Ref2 e4 48. g5 exd3 49. cxd3 Ne5 50. Rxf8 Kxf8 51. Kd4 Nxd3 52. Rh2 Kg7 53. Kxd5
Nf4+ 54. Ke4 Ng6 55. Rb2 Ne7 56. Kf4 Kg6 57. Re2 Nd5+ 58. Ke4 Nb6 59. Kd4 Nc8
60. Re5 Na7 61. Ke4 Nc6 62. Rd5 Ne7 63. Rxa5 Rxb3 64. Re5 Kf7 65. a5 Ra3 66. Rb5
b3 67. a6 Rxa6 68. Rxb3 Ra5 69. Kf4 Ra4+ 70. Kf3 Kg6 71. Rb5 Nf5 72. Rb7 Rc4 73.
Rd7 Ng7 74. Kg3 Rc5 75. Kh4 Nf5+ 76. Kg4 Rc4+ 77. Kf3 Nh4+ 78. Kg3 Nf5+ 79. Kf3 1/2-1/2

[Event "Online Olym KO Stage 2020"]
[Site "chess.com INT"]
[Date "2020.08.27"]
[Round "1.42"]
[Board "1"]
[White "Duda, Jan-Krzysztof"]
[Black "Delchev, Aleksander"]
[Result "1-0"]
[WhiteTitle "GM"]
[BlackTitle "GM"]
[WhiteElo "2753"]
[BlackElo "2550"]
[WhiteTeam "Poland"]
[BlackTeam "Bulgaria"]
[WhiteFideId "1170546"]
[BlackFideId "2900394"]
[EventDate "2020.08.27"]
[EventType "team"]

1. d4 Nf6 2. c4 g6 3. f3 Nc6 4. d5 Ne5 5. e4 d6 6. Nc3 Bg7 7. f4 Ned7 8. Nh3 O-O
9. Be2 Nb6 10. Nf2 e6 11. O-O exd5 12. cxd5 c6 13. dxc6 bxc6 14. Bf3 Rb8 15. Qc2
d5 16. Rd1 Qe7 17. e5 Nfd7 18. a4 Nc5 19. b4 Na6 20. b5 Nb4 21. Qe2 a5 22. Be3
Be6 23. bxc6 Nc4 24. Rac1 Rfc8 25. Nxd5 Nxd5 26. Bxd5 Nb2 27. Bxe6 Nxd1 28. Bxc8
Nxe3 29. Bb7 Nd5 30. Qd2 Nc7 31. Qd6 Bf8 32. Ne4 Rd8 33. Nf6+ Kg7 34. Qxe7 Bxe7
35. Nd7 f6 36. exf6+ Bxf6 37. Rd1 Bc3 38. Kf2 Re8 39. Nc5 Re7 40. Rd7 Kf7 41.
Kf3 Bb4 42. Nd3 Rxd7 43. cxd7 Be7 44. Ne5+ Ke6 45. Ke4 Kd6 46. d8=Q+ Bxd8 47.
Nf7+ Ke7 48. Nxd8 Kxd8 49. Ke5 Ke7 50. g3 Ne8 51. Kd5 Nd6 52. Bc6 Nf5 53. Kc5
Ne3 54. Bf3 Nf1 55. Be2 Nxh2 56. Kb6 Kd6 57. Kxa5 Kc5 58. Ka6 Kc6 59. a5 h6 60.
Ka7 Kc7 61. g4 h5 62. gxh5 gxh5 63. Bxh5 Nf1 64. f5 Ne3 65. f6 Kd6 66. a6 Nc4
67. f7 Ke7 68. Kb8 Ne5 69. Kc7 1-0

[Event "Online Olym KO Stage 2020"]
[Site "chess.com INT"]
[Date "2020.08.27"]
[Round "1.42"]
[Board "2"]
[White "Enchev, Ivajlo"]
[Black "Wojtaszek, Radoslaw"]
[Result "0-1"]
[WhiteTitle "GM"]
[BlackTitle "GM"]
[WhiteElo "2491"]
[BlackElo "2717"]
[WhiteTeam "Bulgaria"]
[BlackTeam "Poland"]
[WhiteFideId "2907712"]
[BlackFideId "1118358"]
[EventDate "2020.08.27"]
[EventType "team"]

1. d4 Nf6 2. c4 e6 3. Nf3 b6 4. g3 Ba6 5. Nbd2 Bb4 6. Qa4 Qe7 7. a3 Bxd2+ 8.
Bxd2 O-O 9. Bg2 Bb7 10. O-O d6 11. Bg5 Nbd7 12. b4 h6 13. Bxf6 Nxf6 14. Rac1 a5
15. b5 Nd7 16. Qc2 f5 17. Nh4 Bxg2 18. Nxg2 e5 19. Ne3 exd4 20. Nd5 Qd8 21. Rcd1
Nc5 22. Rxd4 Qd7 23. Rfd1 Rae8 24. e3 Re4 25. f3 Re5 26. Kg2 Rfe8 27. R1d2 Qf7
28. Rd1 Ne6 29. R4d2 Nf8 30. Re1 Nh7 31. Qc3 Nf6 32. Qd4 Nxd5 33. cxd5 R8e7 34.
Rd3 Kh7 35. Rc1 Qe8 36. a4 Rxe3 37. Rxe3 Rxe3 38. Rxc7 Re2+ 39. Kf1 Re1+ 40. Kg2
Qe2+ 41. Kh3 Qf1+ 42. Kh4 Re5 43. f4 Qe2 44. h3 Kg6 45. Rxg7+ Kxg7 46. fxe5 Kg6 0-1

[Event "Online Olym KO Stage 2020"]
[Site "chess.com INT"]
[Date "2020.08.27"]
[Round "1.42"]
[Board "3"]
[White "Socko, Monika"]
[Black "Stefanova, Antoaneta"]
[Result "1-0"]
[WhiteTitle "GM"]
[BlackTitle "GM"]
[WhiteElo "2428"]
[BlackElo "2462"]
[WhiteTeam "Poland"]
[BlackTeam "Bulgaria"]
[WhiteFideId "1106619"]
[BlackFideId "2902257"]
[EventDate "2020.08.27"]
[EventType "team"]

1. d4 d5 2. c4 c6 3. Nf3 Nf6 4. Nbd2 Bf5 5. Nh4 Be4 6. e3 e6 7. Be2 Be7 8. O-O
Nfd7 9. Nhf3 Bg6 10. b3 O-O 11. Bb2 a5 12. a3 Bd6 13. c5 Bc7 14. b4 b5 15. cxb6
Nxb6 16. Ne5 f6 17. Nxg6 hxg6 18. Bd3 f5 19. f4 g5 20. bxa5 Rxa5 21. Nb3 Na4 22.
Nxa5 Nxb2 23. Qc2 Nxd3 24. Nb3 Nxf4 25. exf4 gxf4 26. Rae1 Rf6 27. Nc5 Qd6 28.
Rf3 g5 29. Qf2 Rh6 30. Rb3 Nd7 31. Rb7 Nf8 32. Reb1 g4 33. Nd3 Rxh2 34. Ne5 c5
35. Qxf4 Rh7 36. Rc1 Nd7 37. Qg5+ Rg7 38. Qh5 Nxe5 39. dxe5 Qc6 40. Rcb1 Rd7 41.
Qe8+ Kg7 42. Rb8 Bxb8 43. Rxb8 Qc7 44. Qh8+ Kg6 45. Qf6+ Kh5 46. Rg8 c4 47. Qg5# 1-0

[Event "Online Olym KO Stage 2020"]
[Site "chess.com INT"]
[Date "2020.08.27"]
[Round "1.42"]
[Board "4"]
[White "Salimova, Nurgyul"]
[Black "Cyfka, Karina"]
[Result "1-0"]
[WhiteTitle "IM"]
[BlackTitle "IM"]
[WhiteElo "2372"]
[BlackElo "2411"]
[WhiteTeam "Bulgaria"]
[BlackTeam "Poland"]
[WhiteFideId "2915138"]
[BlackFideId "1122681"]
[EventDate "2020.08.27"]
[EventType "team"]

1. d4 Nf6 2. Nf3 e6 3. g3 b5 4. Qd3 b4 5. e4 Bb7 6. e5 Nd5 7. Bg2 Be7 8. O-O Ba6
9. Qe4 Bxf1 10. Bxf1 Nc6 11. Qg4 Bf8 12. c4 bxc3 13. bxc3 f5 14. exf6 Qxf6 15.
Bd3 Be7 16. Qe4 Rb8 17. a3 Na5 18. Bg5 Qf8 19. c4 Nf6 20. Bxf6 Qxf6 21. Nc3 g6
22. Ne5 O-O 23. Rf1 Rfd8 24. h4 Nb3 25. Qe3 c5 26. d5 Nd4 27. f4 Qg7 28. dxe6
dxe6 29. Nb5 Bf6 30. Nxd4 cxd4 31. Qe4 Bxe5 32. fxe5 Rb3 33. Rf6 Qh6 34. Rf4 Qg7
35. h5 gxh5 36. Kh2 Rxa3 37. Rh4 Rf8 38. Rxh5 Rf2+ 39. Kh3 Raa2 40. Qa8+ Rf8 41.
Qc6 Qf7 42. Rxh7 Qe8 43. Qe4 Rf5 44. Qh4 Qg6 45. Rh6 Qf7 46. Rh8+ Kg7 47. Qh7# 1-0

[Event "Online Olym KO Stage 2020"]
[Site "chess.com INT"]
[Date "2020.08.27"]
[Round "1.42"]
[Board "5"]
[White "Gumularz, Szymon"]
[Black "Petrov, Martin"]
[Result "1-0"]
[WhiteTitle "IM"]
[BlackTitle "IM"]
[WhiteElo "2506"]
[BlackElo "2525"]
[WhiteTeam "Poland"]
[BlackTeam "Bulgaria"]
[WhiteFideId "1188062"]
[BlackFideId "2911086"]
[EventDate "2020.08.27"]
[EventType "team"]

1. Nf3 c5 2. e3 Nf6 3. d4 e6 4. c4 d5 5. Nc3 Nc6 6. a3 a6 7. dxc5 Bxc5 8. b4 Ba7
9. Bb2 O-O 10. c5 e5 11. Be2 Bf5 12. Na4 Qc7 13. O-O Rad8 14. Qb3 Bb8 15. g3 Bg4
16. Rfe1 Rfe8 17. Rad1 h5 18. Nb6 d4 19. exd4 exd4 20. Bc1 Re4 21. Bf1 Qe7 22.
Rxe4 Qxe4 23. Bg2 d3 24. Re1 Nd4 25. Qxf7+ Kxf7 26. Ng5+ Kg6 27. Nxe4 Ne2+ 28.
Kf1 Nxc1 29. Rxc1 d2 30. Nxd2 Rxd2 31. Bxb7 Be2+ 32. Ke1 Ra2 33. c6 Bc7 34. Na8
Ng4 35. Nxc7 Nxh2 36. Rc3 Nf3+ 37. Rxf3 Bxf3 38. Nxa6 Re2+ 39. Kd1 Re6+ 40. Kd2
Bxc6 41. Bxc6 Rxc6 42. b5 Rb6 43. a4 Kf6 44. Ke3 Ke7 45. Nb4 Kd7 46. Nc6 Kd6 47.
Kf4 Rb7 48. Kg5 Rf7 49. f4 Kc5 50. Kxh5 Rf6 51. Kg5 Rd6 52. f5 Rd3 53. g4 Ra3
54. Nd8 Rxa4 55. Ne6+ Kd6 56. Nxg7 Ke7 57. Kh5 Rb4 58. g5 Rxb5 59. Kg6 Rb6+ 60.
f6+ Kf8 61. Nh5 Ra6 62. Kh7 Ra7+ 63. Kh6 Kg8 64. g6 Rd7 65. Nf4 Kh8 66. Ne6 Rh7+
67. Kg5 Rh1 68. f7 Rg1+ 69. Kf5 Rf1+ 70. Ke5 Re1+ 71. Kd6 Rd1+ 72. Ke7 Rd7+ 73.
Kf6 Rd8 74. g7+ 1-0

[Event "Online Olym KO Stage 2020"]
[Site "chess.com INT"]
[Date "2020.08.27"]
[Round "1.42"]
[Board "6"]
[White "Radeva, Viktoria"]
[Black "Sliwicka, Alicja"]
[Result "1-0"]
[WhiteTitle "WIM"]
[BlackTitle "WIM"]
[WhiteElo "2302"]
[BlackElo "2317"]
[WhiteTeam "Bulgaria"]
[BlackTeam "Poland"]
[WhiteFideId "2915405"]
[BlackFideId "1150677"]
[EventDate "2020.08.27"]
[EventType "team"]

1. e4 c5 2. Nf3 e6 3. d4 cxd4 4. Nxd4 Nf6 5. Nc3 d6 6. Be2 Be7 7. O-O O-O 8. f4
Nc6 9. Be3 e5 10. fxe5 dxe5 11. Nf5 Bxf5 12. Rxf5 Rc8 13. Bd3 Qd6 14. Rf1 Bd8
15. Kh1 a6 16. Qf3 Ne7 17. Qh3 Bb6 18. Bg5 Nd7 19. Rad1 Bd4 20. Ne2 f6 21. Be3
Kh8 22. Nxd4 Nc5 23. Nf5 Nxf5 24. Bxc5 Qxc5 25. Qxf5 Qc6 26. b3 g6 27. Qf3 Kg7
28. Qg4 h5 29. Qh3 b5 30. Rf3 Rc7 31. Rdf1 Rcf7 32. Rg3 Rh8 33. Qh4 Rh6 34. Rgf3
Rh8 35. c4 Rhf8 36. cxb5 axb5 37. Qe1 Qc5 38. Qc1 Qb6 39. a4 Rc7 40. Qe3 Qxe3
41. Rxe3 bxa4 42. bxa4 Rc3 43. Ref3 Ra3 44. Bb5 Ra2 45. h4 Rf7 46. Bc4 Rxa4 47.
Bxf7 Kxf7 48. Rxf6+ Kg7 49. Rf7+ Kh6 50. Re1 Ra6 51. Rd1 g5 52. Re7 gxh4 53.
Rxe5 Kg6 54. Rdd5 h3 55. Rg5+ Kf6 56. Rdf5+ Ke7 57. Rg7+ Ke8 58. Rxh5 hxg2+ 59.
Kxg2 Kf8 60. Rb7 Kg8 61. Kf3 Ra1 62. Rc5 Rf1+ 63. Ke3 Rf8 64. e5 Kh8 65. Ke4 Rg8
66. Kd5 Rd8+ 67. Ke6 Re8+ 68. Re7 Rg8 69. Kd7 1-0

[Event "Online Olym KO Stage 2020"]
[Site "chess.com INT"]
[Date "2020.08.28"]
[Round "2.11"]
[Board "2"]
[White "Sargissian, Gabriel"]
[Black "Vidit, Santosh Gujrathi"]
[Result "0-1"]
[WhiteTitle "GM"]
[BlackTitle "GM"]
[WhiteElo "2682"]
[BlackElo "2726"]
[WhiteTeam "Armenia"]
[BlackTeam "India"]
[WhiteFideId "13300881"]
[BlackFideId "5029465"]
[EventDate "2020.08.27"]
[EventType "team"]

1. d4 Nf6 2. c4 e6 3. Nf3 d5 4. Nc3 Bb4 5. e3 O-O 6. Bd2 b6 7. cxd5 exd5 8. Bd3
Bd6 9. O-O Re8 10. Qc2 Ba6 11. Rac1 Bxd3 12. Qxd3 a6 13. Ne2 Nbd7 14. Rc6 Nb8
15. Rc2 Nbd7 16. Rfc1 c5 17. b3 Qe7 18. dxc5 bxc5 19. Ng3 g6 20. Ba5 Rec8 21.
Rd1 Qe6 22. e4 d4 23. Re1 Ng4 24. Qd1 Nge5 25. Nxe5 Bxe5 26. Qc1 Bxg3 27. hxg3
Rc6 28. Qf4 Rac8 29. Rec1 Ne5 30. Qd2 Qd7 31. Qd1 h5 32. Bd2 c4 33. bxc4 Rxc4
34. Bf4 Rxc2 35. Rxc2 Rxc2 36. Qxc2 Qe6 37. Qc5 Nc6 38. f3 f6 39. Bd6 Qd7 40.
Qd5+ Kh7 41. Kh2 a5 42. a3 g5 43. Bc5 Qc7 44. Bxd4 Nxd4 45. Qxd4 h4 46. Qf2 Qd6
47. a4 Kg6 48. f4 hxg3+ 49. Kxg3 gxf4+ 50. Qxf4 Qa3+ 51. Kh2 Qxa4 52. Qg4+ Kf7
53. Qd7+ Qxd7 0-1

[Event "Online Olym KO Stage 2020"]
[Site "chess.com INT"]
[Date "2020.08.28"]
[Round "2.11"]
[Board "3"]
[White "Koneru, Humpy"]
[Black "Danielian, Elina"]
[Result "0-1"]
[WhiteTitle "GM"]
[BlackTitle "GM"]
[WhiteElo "2586"]
[BlackElo "2407"]
[WhiteTeam "India"]
[BlackTeam "Armenia"]
[WhiteFideId "5008123"]
[BlackFideId "13300210"]
[EventDate "2020.08.27"]
[EventType "team"]

1. d4 d5 2. c4 dxc4 3. Nf3 Nf6 4. e3 e6 5. Bxc4 c5 6. O-O Nc6 7. Nc3 a6 8. Qe2
b5 9. Bb3 Bb7 10. Rd1 Be7 11. dxc5 Qc7 12. Bd2 Bxc5 13. Rac1 Bd6 14. a4 bxa4 15.
Nxa4 O-O 16. Bc3 Ne4 17. Be1 Rfd8 18. Qc4 Nf6 19. h3 Rac8 20. Qe2 Qe7 21. Bc4 a5
22. Ba6 Nd5 23. Bxb7 Qxb7 24. Nc5 Bxc5 25. Rxc5 h6 26. Rdc1 Ncb4 27. Nd4 Rxc5
28. Rxc5 Rc8 29. Qb5 Qa8 30. Bxb4 axb4 31. Nc6 Qa1+ 32. Kh2 Kh7 33. Nxb4 Rxc5
34. Qxc5 Qxb2 35. Nxd5 exd5 36. f4 Qd2 37. Qb6 Qd3 38. Qc5 g6 39. Qe7 Kg7 40.
Qe5+ Kg8 41. Kg3 h5 42. Kh4 Qe2 43. Kg5 Qxg2+ 44. Kh6 Kf8 45. Qf6 Ke8 46. Kg7
Qxh3 47. Qxf7+ Kd8 48. Qf6+ Kc7 49. Qf7+ Qd7 50. Qxd7+ Kxd7 51. Kxg6 h4 52. f5
h3 53. f6 h2 54. f7 h1=Q 55. f8=Q Qe4+ 56. Kg7 Qxe3 57. Qf5+ Qe6 58. Qd3 Qe5+
59. Kf7 Qe7+ 60. Kg8 Qe4 61. Qb5+ Kd6 62. Qb6+ Ke5 63. Kf7 Kf4 64. Qf2+ Qf3 65.
Qd4+ Kg3+ 66. Ke6 Qe4+ 67. Qe5+ Kf3 68. Kd6 d4 69. Qh5+ Ke3 70. Qh3+ Qf3 71.
Qe6+ Kd2 72. Qa2+ Ke3 73. Qe6+ Qe4 74. Qh3+ Kd2 75. Qh6+ Kc2 76. Qh2+ Kc3 77.
Qh8 Qf4+ 78. Kd5 Qf5+ 79. Kd6 Kd3 80. Qg7 Qf4+ 81. Kc5 Qf5+ 82. Kb4 Ke4 83. Qg2+
Ke3 84. Qg1+ Qf2 85. Qg5+ Ke2 86. Qg4+ Kd2 87. Qg5+ Kd3 88. Qg6+ Kd2 89. Qg5+
Qe3 90. Qg2+ Qe2 91. Qg5+ Kd3 92. Qb5+ Ke3 93. Qe5+ Kd3 94. Qb5+ Kd2 95. Qg5+
Qe3 96. Qg2+ Kd1 97. Qg4+ Kc2 98. Qf5+ Qd3 99. Qg4 Qc3+ 100. Kb5 d3 101. Qe4
Qb3+ 102. Kc5 Qa3+ 103. Kb5 Qb2+ 104. Kc4 Qb3+ 105. Kc5 Qc3+ 106. Kb5 Kb2 107.
Qg2+ d2 108. Qe2 Kc1 0-1

[Event "Online Olym KO Stage 2020"]
[Site "chess.com INT"]
[Date "2020.08.28"]
[Round "2.11"]
[Board "4"]
[White "Mkrtchian, Lilit"]
[Black "Harika, Dronavalli"]
[Result "0-1"]
[WhiteTitle "IM"]
[BlackTitle "GM"]
[WhiteElo "2388"]
[BlackElo "2515"]
[WhiteTeam "Armenia"]
[BlackTeam "India"]
[WhiteFideId "13300601"]
[BlackFideId "5015197"]
[EventDate "2020.08.27"]
[EventType "team"]

1. Nf3 d5 2. g3 Nf6 3. Bg2 g6 4. O-O Bg7 5. d4 O-O 6. c3 Nbd7 7. Bf4 Re8 8. Qc1
c6 9. c4 dxc4 10. Qxc4 Nd5 11. Bg5 h6 12. Bd2 e5 13. dxe5 Nxe5 14. Nxe5 Bxe5 15.
Qc1 Qf6 16. Nc3 Nxc3 17. bxc3 h5 18. f4 Bc7 19. e4 Bb6+ 20. Be3 h4 21. a4 hxg3
22. hxg3 Bg4 23. a5 Bxe3+ 24. Qxe3 Rad8 25. e5 Qe7 26. Qxa7 Rd3 27. a6 bxa6 28.
Qxe7 Rxe7 29. Rxa6 Rxc3 30. Rxc6 Rxg3 31. Kh2 Rd3 32. Rf2 Ra7 33. Rcc2 Kg7 34.
Ra2 Rc7 35. Rac2 Ra7 36. Ra2 Rad7 37. Rab2 R7d4 38. Ra2 Be6 39. Rab2 Ra3 40.
Rbd2 Rb4 41. Rb2 Rba4 42. Rbd2 Rc3 43. Rde2 Rcc4 44. Kg3 Rc3+ 45. Kh2 Kh6 46.
Re4 Rxe4 47. Bxe4 Re3 48. Bf3 g5 49. fxg5+ Kxg5 50. Kg2 Rxe5 51. Re2 Ra5 52. Re4
Ra3 53. Kg3 Rxf3+ 54. Kxf3 Bd5 55. Ke3 Bxe4 56. Kxe4 Kg4 57. Ke5 f5 58. Kd4 f4
59. Kd3 Kf3 60. Kd2 Kg2 61. Ke2 f3+ 0-1

[Event "Online Olym KO Stage 2020"]
[Site "chess.com INT"]
[Date "2020.08.28"]
[Round "2.11"]
[Board "5"]
[White "Nihal, Sarin"]
[Black "Martirosyan, Haik M."]
[Result "1-0"]
[WhiteTitle "GM"]
[BlackTitle "GM"]
[WhiteElo "2620"]
[BlackElo "2622"]
[WhiteTeam "India"]
[BlackTeam "Armenia"]
[WhiteFideId "25092340"]
[BlackFideId "13306553"]
[EventDate "2020.08.27"]
[EventType "team"]

1. d4 Nf6 2. c4 e6 3. Nf3 b6 4. a3 Bb7 5. Nc3 d5 6. cxd5 Nxd5 7. Qc2 g6 8. Bg5
Be7 9. Bh6 Nd7 10. e4 Nxc3 11. bxc3 Bf8 12. Bxf8 Kxf8 13. Bd3 c5 14. O-O Kg7 15.
Rfe1 Rc8 16. Qe2 Qe7 17. a4 Rc7 18. a5 Rhc8 19. axb6 axb6 20. Qb2 Kg8 21. h3 Qd6
22. Ra7 Bc6 23. Rea1 Rxa7 24. Rxa7 Ra8 25. Rxa8+ Bxa8 26. Qa3 Qb8 27. Nd2 Bc6
28. Qb2 Qf4 29. e5 Kg7 30. Bf1 h5 31. Nc4 cxd4 32. cxd4 Bd5 33. Nd6 g5 34. Qb5
Nf8 35. Qxb6 g4 36. hxg4 hxg4 37. Qd8 g3 38. Qf6+ Qxf6 39. Ne8+ Kh6 40. Nxf6
gxf2+ 41. Kxf2 Bc6 42. Bd3 Nd7 43. Nxd7 Bxd7 44. Be4 Kg7 45. Ke3 Ba4 46. Kf4 Bd7
47. g4 Be8 48. g5 Kf8 49. Ke3 Ke7 50. Kd2 Bb5 51. Kc3 Ba4 52. Kb4 Bd1 53. Kc5
Bg4 54. Kc4 Be2+ 55. Kc3 Bb5 56. Kd2 Ba4 57. Ke3 Bd7 58. Kf4 Ba4 59. Kg4 Bd1+
60. Bf3 Bc2 61. Kh5 Kf8 62. Kh6 Bf5 63. Bh5 Be4 64. Bg4 Bd5 65. Bh3 Bc4 66. Bg2
Bd3 67. Bf3 Bf5 68. Bd1 Be4 69. Bb3 1-0

[Event "Online Olym KO Stage 2020"]
[Site "chess.com INT"]
[Date "2020.08.28"]
[Round "2.11"]
[Board "6"]
[White "Sargsyan, Anna M."]
[Black "Vantika, Agrawal"]
[Result "1-0"]
[WhiteTitle "WGM"]
[BlackTitle "WIM"]
[WhiteElo "2402"]
[BlackElo "2286"]
[WhiteTeam "Armenia"]
[BlackTeam "India"]
[WhiteFideId "13308130"]
[BlackFideId "25050389"]
[EventDate "2020.08.27"]
[EventType "team"]

1. d4 Nf6 2. c4 g6 3. g3 Bg7 4. Bg2 O-O 5. Nc3 d6 6. Nf3 c6 7. O-O Bf5 8. Ne1 d5
9. Qb3 Qb6 10. cxd5 Qxb3 11. axb3 cxd5 12. Nxd5 Nxd5 13. Bxd5 Nc6 14. e3 Bh3 15.
Ng2 Rfd8 16. Bf3 Be6 17. Ra3 Bd5 18. Bxd5 Rxd5 19. f4 f6 20. Ra4 Rad8 21. Rc4
Rb5 22. Bd2 e5 23. Bc3 exd4 24. exd4 f5 25. d5 Rbxd5 26. b4 a6 27. Re1 Kf7 28.
Nh4 Rd1 29. Kf2 Rxe1 30. Kxe1 Re8+ 31. Kf2 Rd8 32. Nf3 h6 33. Rc5 Rd7 34. b5
axb5 35. Rxb5 Bxc3 36. bxc3 Kf6 37. h3 g5 38. fxg5+ hxg5 39. g4 fxg4 40. hxg4
Ne7 41. Nxg5 Nd5 42. Ne4+ Kg6 43. c4 Nf4 44. Rb6+ Kg7 45. Kf3 Nd3 46. Ke3 Ne5
47. Rb4 Nxg4+ 48. Kf4 Nf6 49. Nc5 Rc7 50. Ne6+ Kf7 51. Nxc7 1-0

[Event "Online Olym KO Stage 2020"]
[Site "chess.com INT"]
[Date "2020.08.28"]
[Round "2.21"]
[Board "1"]
[White "Mamedyarov, Shakhriyar"]
[Black "Duda, Jan-Krzysztof"]
[Result "0-1"]
[WhiteTitle "GM"]
[BlackTitle "GM"]
[WhiteElo "2764"]
[BlackElo "2753"]
[WhiteTeam "Azerbaijan"]
[BlackTeam "Poland"]
[WhiteFideId "13401319"]
[BlackFideId "1170546"]
[EventDate "2020.08.27"]
[EventType "team"]

1. d4 Nf6 2. c4 e6 3. Nc3 d5 4. cxd5 exd5 5. Bg5 c6 6. e3 h6 7. Bh4 Bf5 8. f3
Nbd7 9. Bd3 Bxd3 10. Qxd3 Be7 11. Nge2 O-O 12. g4 b5 13. Rc1 Rc8 14. O-O Re8 15.
Kg2 b4 16. Na4 Qa5 17. b3 c5 18. dxc5 Nxc5 19. Nxc5 Rxc5 20. Rxc5 Bxc5 21. Bxf6
gxf6 22. Qxd5 Qxa2 23. Qxc5 Qxe2+ 24. Rf2 Qxe3 25. Qxb4 Kg7 26. Qb7 Re7 27. Qb4
Rd7 28. Qc4 Rd1 29. b4 Rb1 30. h4 Qe1 31. Qf1 Qxb4 32. Qe2 a5 33. Qe3 a4 34. g5
Qxh4 35. gxh6+ Qxh6 36. Qxh6+ Kxh6 37. Ra2 Rb4 38. Kg3 Kg5 39. Ra1 f5 40. Ra2
Kf6 41. f4 Rb3+ 42. Kh4 a3 43. Rc2 Rb6 44. Rg2 Rb4 45. Kg3 Rb2 46. Rg1 a2 0-1